<?xml version="1.0" encoding="UTF-8"?>
<marc:record xmlns:marc="http://www.loc.gov/MARC21/slim">
   <marc:leader>00000nam a2200000 a 4500</marc:leader>
   <marc:datafield ind1="1" ind2=" " tag="100">
      <marc:subfield code="a">Bjork, Samuel</marc:subfield>
      <marc:subfield code="4">aut</marc:subfield>
      <marc:subfield code="e">Verfasser/-in</marc:subfield>
   </marc:datafield>
   <marc:datafield ind1="1" ind2=" " tag="100">
      <marc:subfield code="a">Haefs, Gabriele</marc:subfield>
   </marc:datafield>
   <marc:datafield ind1=" " ind2=" " tag="653">
      <marc:subfield code="a">skandinavische Krimis</marc:subfield>
   </marc:datafield>
   <marc:datafield ind1="0" ind2="0" tag="245">
      <marc:subfield code="a">Engelskalt - 1. Fall für Kommissar Munch</marc:subfield>
   </marc:datafield>
   <marc:datafield ind1="0" ind2="0" tag="245">
      <marc:subfield code="b">Thriller</marc:subfield>
   </marc:datafield>
   <marc:datafield ind1="0" ind2="0" tag="245">
      <marc:subfield code="c">Bjork, Samuel</marc:subfield>
   </marc:datafield>
   <marc:datafield ind1=" " ind2="1" tag="264">
      <marc:subfield code="c">2015</marc:subfield>
   </marc:datafield>
   <marc:datafield ind1=" " ind2=" " tag="250">
      <marc:subfield code="a">Dt. Erstausg., 4. Aufl.</marc:subfield>
   </marc:datafield>
   <marc:datafield ind1="1" ind2=" " tag="520">
      <marc:subfield code="a">Das etwas andere Ermittlerteam sucht nach einem  engelskalten  Mädchen-Mörder.&#xD;
Der abgeschobene Kommissar Holger Munch und die kurz vor dem Selbstmord stehende Polizistin Mia Krüger ermitteln wieder gemeinsam mit ihrem alten Team in einer mysteriösen Mordserie, bei der sechsjährige Mädchen auf eigenartige Weise getötet und zur Schau gestellt werden. Unterstützt werden sie von Gabriel Mork, dem genialen Dechiffrierer. In den Fall verwickelt sind: eine christlich-fundamentalistische dabei teuflische Sekte, zu deren unwissenden Anhängern Munchs Mutter gehört; der 13-jährige Tobias, der beim Spielen im Wald auf diese Sekte stößt und ein gefangenes Mädchen befreien will, dabei selbst gefangen wird; Munchs Enkelin, ebenfalls sechs Jahre alt; Mia, deren Schwester Selbstmord begangen hat und die selbst mit den Taten irgendwie in unbekanntem Zusammenhang steht. Aus dieser Mischung entwickelt sich ein absolut spannender Roman, auf den die gängigen Klischeeformulierungen ( atemberaubend ,  fesselnd  etc.) in jeder Hinsicht zutreffen. Der Roman besitzt das Zeug zum Bestseller. Das Rad der Handlung dreht sich immer rasanter, die Ereignisse überstürzen sich, die Ermittlungen laufen bis zur Erschöpfung - bis schließlich nach atemberaubenden Geschehnissen alle Stränge zusammenlaufen.</marc:subfield>
   </marc:datafield>
   <marc:datafield ind1=" " ind2=" " tag="020">
      <marc:subfield code="a">9783442482252</marc:subfield>
      <marc:subfield code="9">9783442482252</marc:subfield>
   </marc:datafield>
   <marc:datafield ind1=" " ind2=" " tag="020">
      <marc:subfield code="a">3442482259</marc:subfield>
      <marc:subfield code="9">3442482259</marc:subfield>
   </marc:datafield>
   <marc:datafield ind1=" " ind2=" " tag="041">
      <marc:subfield code="a">ger</marc:subfield>
   </marc:datafield>
   <marc:datafield ind1=" " ind2=" " tag="338">
      <marc:subfield code="a">Band</marc:subfield>
   </marc:datafield>
   <marc:datafield ind1=" " ind2=" " tag="300">
      <marc:subfield code="a">538 S.</marc:subfield>
   </marc:datafield>
</marc:record>
